000 00494nam a2200145Ia 4500
008 151213s9999 xx 000 0 und d
100 _aPaull Newbold , William L . Carlson & Betty M. Thorne
245 _aStatistics for Business & Economics
_cPaull Newbold , William L . Carlson & Betty M. Thorne
260 _aU S A
_bPrentic Hall
_c2003
300 _a3094 p.
650 _aStatistics
650 _aStatistics
700 _aPaull Newbold , William L . Carlson & Betty M. Thorne
999 _c2127
_d2127